000 01209nam a2200229Ia 4500
001 L262-19842
003 IT-CnALBA
008 170116s9999||||xx |||||||||||||| ||und||
040 _aIT-CnALBA
_cIT-CnALBA
041 _aLATINO
100 _aCONGREGAZIONE SACRA DEI RITI
245 0 _aCODEX PRO POSTULATORIBUS CAUSARUM BEATIFICATIONIS ET CANONIZATIONIS.
250 _a4a ed.
260 _a ROMA
_bLIBRERIA S. ANTONIO
_c1929 [1° Ed.: n.d.]
300 _a340 p.
500 _aINDICAZIONI PER LA PREPARAZIONE DEL PROCESSO. I SOGGETTI. LE PROVE. PROCESSO DELL'ORDINARIO DEL LUOGO. PROCESSO INFORMATIVO DELLA FAMA DI SANTITÀ VIRTÙ E MIRACOLI. INTRODUZIONE DELLA CAUSA. I PROCESSI APOSTOLICI. GIUDIZIO DELLA CONGREGAZIONE DEI RITI. ALC
501 _aSocietà San Paolo EM - Piazza San Paolo, 14 - 12051 ALBA (CN) (non commercial uses only) ® Copyright 2017
520 _aINDICAZIONI PER LA PREPARAZIONE DEL PROCESSO. I SOGGETTI. LE PROVE. PROCESSO DELL'ORDINARIO DEL LUOGO. PROCESSO INFORMATIVO DELLA FAMA DI SANTITÀ VIRTÙ E MIRACOLI. INTRODUZIONE DELLA CAUSA. I PROCESSI APOSTOLICI. GIUDIZIO DELLA CONGREGAZIONE DEI RITI. ALC
650 _aECCLESIOLOGIA
942 _cBK
957 _71
999 _a24581
_bSI
_g Copie: 1
_c278963
_d278963